ATLAS KEAJAIBAN DUNIA / (Record no. 177879)

MARC details
000 -LEADER
fixed length control field 01914nam a2200529 ib4500
001 - CONTROL NUMBER
control field vtls000848509
003 - CONTROL NUMBER IDENTIFIER
control field PNM
005 - DATE AND TIME OF LATEST TRANSACTION
control field 20200713153232.0
008 - FIXED-LENGTH DATA ELEMENTS--GENERAL INFORMATION
fixed length control field 180306t20182018my abo j 000 0 may
015 ## - NATIONAL BIBLIOGRAPHY NUMBER
National bibliography number M18-03043
020 ## - INTERNATIONAL STANDARD BOOK NUMBER
International Standard Book Number 9789670789972
Qualifying information paperback
Terms of availability RM17.90
039 #9 - LEVEL OF BIBLIOGRAPHIC CONTROL AND CODING DETAIL [OBSOLETE]
Level of rules in bibliographic description 201811150931
Level of effort used to assign nonsubject heading access points hazwani
Level of effort used to assign subject headings 201808071404
Level of effort used to assign classification rosliza
Level of effort used to assign subject headings 201804180933
Level of effort used to assign classification nor_afizah
Level of effort used to assign subject headings 201804180933
Level of effort used to assign classification nor_afizah
040 ## - CATALOGING SOURCE
Original cataloging agency BNM
Language of cataloging eng
Transcribing agency BNM
Modifying agency PNM
-- PPAK
Description conventions rda
049 ## - LOCAL HOLDINGS (OCLC)
Holding library klpmal
082 04 - DEWEY DECIMAL CLASSIFICATION NUMBER
Classification number 039
Edition number 23
090 00 - LOCALLY ASSIGNED LC-TYPE CALL NUMBER (OCLC); LOCAL CALL NUMBER (RLIN)
Classification number (OCLC) (R) ; Classification number, CALL (RLIN) (NR) 039
Feature heading ATL
Classification number (OCLC) (R) ; Classification number, CALL (RLIN) (NR) 039
Feature heading ATL
Feature heading K
245 00 - TITLE STATEMENT
Title ATLAS KEAJAIBAN DUNIA /
Statement of responsibility, etc. Suntingan oleh: Galia Lami Dozo - van der Kar ; Penyusunan oleh: Gary Smethurst ; Konsep, illustrasi & reka letak oleh: Vivi & Gus ; Terjemahan oleh: Advantage Quest Sdn. Bhd.
264 #1 - PRODUCTION, PUBLICATION, DISTRIBUTION, MANUFACTURE, AND COPYRIGHT NOTICE
Place of production, publication, distribution, manufacture Petaling Jaya, Selangor :
Name of producer, publisher, distributor, manufacturer Advantage Quest Sdn. Bhd.,
Date of production, publication, distribution, manufacture, or copyright notice [2018?]
Date of production, publication, distribution, manufacture, or copyright notice ©2018
300 ## - PHYSICAL DESCRIPTION
Extent 24 pages :
Other physical details colour illustrations, colour maps, colour photographs ;
Dimensions 30 cm.
336 ## - CONTENT TYPE
Content type term text
Source rdacontent
337 ## - MEDIA TYPE
Media type term unmediated
Source rdamedia
338 ## - CARRIER TYPE
Carrier type term volume
Source rdacarrier
490 1# - SERIES STATEMENT
Series statement Atlas
500 ## - GENERAL NOTE
General note Includes questions and answers
650 10 - SUBJECT ADDED ENTRY--TOPICAL TERM
Topical term or geographic name entry element Atlases
Form subdivision Juvenile literature
Topical term or geographic name entry element Curiosities and wonders
Form subdivision Juvenile literature
Topical term or geographic name entry element Architecture, Ancient
Topical term or geographic name entry element Civilization, Ancient
700 1# - ADDED ENTRY--PERSONAL NAME
Personal name Lami Dozo-van der Kar, Galia,
Relator term editor.
Personal name Smethurst, Gary,
Relator term editor.
Personal name Vivi,
Relator term illustrator.
Personal name Gus,
Relator term illustrator.
710 2# - ADDED ENTRY--CORPORATE NAME
Corporate name or jurisdiction name as entry element Advantage Quest Sdn. Bhd.,
Relator term translator.
830 #0 - SERIES ADDED ENTRY--UNIFORM TITLE
Uniform title Atlas
942 ## - ADDED ENTRY ELEMENTS (KOHA)
Source of classification or shelving scheme Dewey Decimal Classification
Koha item type Book
949 ## - LOCAL PROCESSING INFORMATION (OCLC)
6 2000616898
a 039 ATL f M
6 2000616897
a 039 ATL f M
6 2000616899
a 039 ATL f M
6 2000098375
a 039 ATL f M
e 2540755
6 2000098376
a 039 ATL f M
e 2540756
6 1001304476
e 2540753
6 1001304477
e 2540754
6 1001304478
e 2540757
6 1001304479
e 2540758
Holdings
Withdrawn Not for loan Current library Shelving location Date acquired Total Checkouts Full call number Barcode Date last seen Date last checked out Koha item type Total Renewals Checked out
    Perpustakaan Alor Setar Pinjaman Kanak-kanak 13/07/2020 3 K 039 ATL A01645310 07/12/2024 16/11/2024 Book    
    Perpustakaan Awam Sungai Petani Pinjaman Kanak-kanak 13/07/2020 7 K 039 ATL A01645311 16/05/2022 30/03/2022 Book 2  
    Perpustakaan Jitra Pinjaman Kanak-kanak 13/07/2020 1 K 039 ATL A01645312 26/03/2024 06/03/2024 Book    
    Perpustakaan Kulim Pinjaman Kanak-kanak 13/07/2020 8 K 039 ATL A01645313 04/04/2026 04/04/2026 Book   25/04/2026
    Perpustakaan Langkawi Pinjaman Kanak-kanak 13/07/2020   K 039 ATL A01645314 13/07/2020   Book